| 000 | 00774nam a2200217 u 4500 | ||
|---|---|---|---|
| 005 | 20260309113815.0 | ||
| 008 | 100204s1993 es r 000 0 spa d | ||
| 020 | _a8474236053 | ||
| 035 | _aUPN01000174444 | ||
| 049 | _aCG | ||
| 050 | 4 |
_aCC101 S6.5 _bK4.5 |
|
| 100 | 1 |
_aKlejn, Leo Samuilovich, _d1927- _930151 |
|
| 245 | 1 | 3 |
_aLa arqueología soviética : _bhistoria y teoría de una escuela desconocida / _cLeo S. Klejn ; tr. de Ignacio Clemente. |
| 260 |
_aBarcelona, Esp. : _bCrítica, _cc1993. |
||
| 300 | _a173 p. : | ||
| 440 | 0 | _aArqueología | |
| 534 |
_pTitulo original: _tFenomen sovietskoi arjeologuii |
||
| 650 | 4 |
_aArqueología _zUnión Soviética _xHistoria _915584 |
|
| 650 | 4 |
_aArqueología _xEstudio y enseñanza _zUnión Soviética _915586 |
|
| 905 | _aLibro | ||
| 999 |
_c146548 _d146548 |
||